[Event "Chinese League Div-A Final-KO 2023"]
[Site "Xiongan"]
[Date "2023.12.10"]
[Round "8.2"]
[White "Bai, Jinshi"]
[Black "Xue, Haowen"]
[Result "1-0"]
[WhiteElo "2585"]
[BlackElo "2455"]
[Annotator "TA"]
[PlyCount "95"]
[EventDate "2023.12.02"]
[EventCountry "CHN"]
[SourceTitle "playchess.com"]
[Source "ChessBase"]
[SourceQuality "1"]

{[%evp 9,95,27,83,69,72,75,65,60,59,56,47,52,56,74,63,73,66,62,64,60,71,67,63,39,59,49,74,80,88,75,136,136,129,137,121,134,142,125,167,183,200,205,200,54,62,50,70,0,229,238,245,262,239,265,256,260,231,253,263,267,249,265,276,284,267,248,250,256,249,243,329,326,314,305,335,330,355,341,391,397,398,395,402,358,746,693,845,845]} 1. c4 {[%emt 0:00:04]} e6 {[%emt 0:00:20]} 2. Nc3 {[%emt 0:00:10]} Bb4 {[%emt 0:01:38]} 3. e4 {[%emt 0:00:09]} d6 {[%emt 0:04:19]} 4. d4 {[%emt 0:00:11]} Nc6 {[%emt 0:02:11]} 5. Nge2 {[%emt 0:02:04][%cal Bg1e2,Be2c3,Bc3d5][%mdl 32]} Nf6 {[%emt 0:11:07]} (5... Nge7 $11) 6. a3 $16 {[%emt 0:01:15] A13: English Opening: 1...e6.} Bxc3+ {[%emt 0:00:14]} 7. Nxc3 {[%emt 0:00:06] [#]} O-O $146 {[%emt 0:01:45]} ({Predecessor:} 7... e5 8. d5 Ne7 9. Be2 O-O 10. h4 Nd7 11. f3 f5 12. Be3 a5 13. Rc1 Ng6 {0-1 Moreby,J (2102)-Baselmans,L (2265) Paris ChessMates 3rd 2019 (1.2)}) 8. Bg5 {[%emt 0:09:04] White is slightly better.} h6 {[%emt 0:01:28]} 9. Bh4 {[%emt 0:01:06]} e5 {[%emt 0:06:37]} 10. dxe5 {[%emt 0:14:07]} dxe5 {[%emt 0:04:36]} 11. Qxd8 $1 {[%emt 0:00:12]} Rxd8 {[%emt 0:00:22]} 12. Nd5 {[%emt 0:00:09]} g5 {[%emt 0:11:42] Threatens to win with ...Nxd5.} 13. Nxf6+ {[%emt 0:02:03]} Kg7 {[%emt 0:00:05]} 14. Nd5 {[%emt 0:00:12]} gxh4 {[%emt 0:00:05]} 15. Nxc7 {[%emt 0:00:28]} Rb8 {[%emt 0:00:29]} 16. Nd5 {[%emt 0:03:51]} f5 {[%emt 0:03:45]} 17. Bd3 {[%emt 0:07:25]} b5 {[%emt 0:01:38]} 18. cxb5 {[%emt 0:12:36]} fxe4 {[%emt 0:06:51]} 19. Bxe4 {[%emt 0:10:09]} (19. bxc6 Rxd5 20. Bxe4 Rd4 $14) 19... Rxb5 (19... Nd4 $142) 20. Rc1 Nd4 {[%emt 0:01:39][%cal Ob5b2]} 21. Rc7+ {[%emt 0:02:03]} Kf8 {[%emt 0:00:36]} 22. Ne7 $1 {[%emt 0:04:56]} (22. Rxa7 $6 Bb7 23. Nf6 Bxe4 24. Nxe4 Nc2+ 25. Ke2 Nd4+ 26. Ke3 Rxb2 $11) 22... Rxb2 {[%emt 0:03:15] ...Re2+ would be deadly.} 23. O-O {[%emt 0:00:19]} (23. Nxc8 $2 Re2+ 24. Kf1 Rxe4 $19) 23... Ba6 {[%emt 0:02:03]} 24. Ng6+ {[%emt 0:02:34]} Kg8 {[%emt 0:00:05] [#]} 25. Nxe5 $1 {[%emt 0:00:37] Threatening mate with Bh7+.} Rd6 {[%emt 0:04:11] [#]} (25... Bxf1 $2 26. Bh7+ Kf8 27. Ng6+ Ke8 28. Re7#) 26. Re1 {[%emt 0:05:25]} ({White should try} 26. Ra1 $1 $18) 26... Re2 $14 {[%emt 0:02:27][%cal Re2e1]} 27. Rb1 $40 {[%emt 0:00:21][%mdl 128] White wants to mate with Rb8+. White has some attack.} Nb5 {[%emt 0:01:43]} 28. Rc4 {[%emt 0:02:37] White is more active.} (28. Bh7+ $14 Kh8 29. Re7 Rxe5 30. Rxe5 Kxh7 31. h3) 28... Nd4 $2 {[%emt 0:17:51] [#] White stays focused until the end.} (28... Rd8 $1 $11 {and Black has nothing to worry.}) 29. Bh7+ $1 $18 {[%emt 0:06:20][%mdl 576] Decoy, Back Rank} Kf8 {[%emt 0:07:39]} 30. Rb8+ {[%emt 0:02:01]} Ke7 {[%emt 0:00:23][%cal Re2e1]} 31. Rc7+ {[%emt 0:00:05]} Ke6 {[%emt 0:01:11][%cal Re2e1]} 32. Re8+ {[%emt 0:04:25]} Kd5 {[%emt 0:00:11][%cal Re2e1]} 33. Bg8+ {[%emt 0:00:07]} Re6 {[%emt 0:00:08][%cal Re2e1]} 34. h3 $1 {[%emt 0:05:49]} (34. Bxe6+ Nxe6 35. Rc1 (35. Rxa7 $2 Re1#) 35... Rxe5 $14) 34... R2xe5 {[%emt 0:01:47]} 35. Rxa7 {[%emt 0:02:03]} (35. Bxe6+ $6 Nxe6 36. Rxa7 Bb5) 35... Re1+ {[%emt 0:01:17]} 36. Kh2 {[%emt 0:00:04]} Bc4 {[%emt 0:00:18]} 37. Bxe6+ {[%emt 0:03:02]} Nxe6 {[%emt 0:00:04]} 38. Ra5+ {[%emt 0:00:07]} Kd6 {[%emt 0:00:21]} 39. Rh5 {[%emt 0:00:14]} Bd5 {[%emt 0:02:06]} 40. Rxh4 {[%emt 0:00:58]} (40. Rxh6 Re2 $16) 40... Re2 {[%emt 0:00:12]} 41. Kg3 {[%emt 0:01:49]} (41. Rxh6 Rxf2 42. Rg8 (42. Rd8+ Kc5 $16) 42... Ra2 $16) 41... Kd7 {[%emt 0:00:56]} 42. Rg8 {[%emt 0:02:06]} Ra2 {[%emt 0:00:47]} 43. a4 {[%emt 0:03:10]} ({Don't take} 43. Rxh6 Ke7 44. Rg4 Rxa3+ 45. f3 Kd6 $18) 43... Ke7 {[%emt 0:00:27]} 44. Rgg4 {[%emt 0:00:42]} ({Weaker is} 44. Rxh6 Rxa4 45. Rg4 Ra8 $18) 44... Ng5 {[%emt 0:00:22]} 45. Rd4 {[%emt 0:05:12]} ({Less strong is} 45. Rxh6 Ne4+ 46. Kh2 Rxf2 47. Rg7+ Bf7 $18) 45... Bc6 {[%emt 0:01:07]} 46. Rxh6 {[%emt 0:00:39]} Ne6 $2 {[%emt 0:00:19]} (46... Ne4+ 47. Kf4 Nf6) 47. Rh7+ {[%emt 0:00:31]} Kf6 {[%emt 0:00:05]} 48. Rd6 {[%emt 0:00:05] Weighted Error Value: White=0.09 (flawless) /Black=0.22 (precise)} 1-0

[Event "Chinese League Div-A Final-KO 2023"]
[Site "Xiongan"]
[Date "2023.12.10"]
[Round "8.3"]
[White "Zhou, Weiqi"]
[Black "Ma, Qun"]
[Result "1/2-1/2"]
[WhiteElo "2593"]
[BlackElo "2653"]
[Annotator "TA"]
[PlyCount "132"]
[EventDate "2023.12.02"]
[EventCountry "CHN"]
[SourceTitle "playchess.com"]
[Source "ChessBase"]
[SourceQuality "1"]

{[%evp 18,132,26,13,25,8,6,0,0,6,10,0,0,0,0,0,9,10,8,6,4,7,10,6,8,7,11,9,19,21,14,9,16,5,13,0,0,0,0,0,0,0,0,0,0,0,0,0,0,0,0,0,14,8,9,6,9,6,6,6,16,6,6,6,6,0,6,6,6,6,6,0,6,4,4,0,0,0,0,0,0,0,0,0,5,0,0,0,0,0,0,0,0,0,0,0,0,0,0,0,0,0,0,0,0,0,0,0,0,0,0,0,0,0,0,0,0]} 1. e4 {[%emt 0:00:03]} e5 {[%emt 0:00:17]} 2. Nf3 {[%emt 0:00:14]} Nc6 {[%emt 0:00:05]} 3. Bb5 {[%emt 0:00:42]} Nf6 {[%emt 0:00:19]} 4. O-O {[%emt 0:00:24][%cal Bh1f1,Bf1e1,Be1e5][%mdl 32]} Nxe4 {[%emt 0:00:29]} 5. Re1 {[%emt 0:00:46]} Nd6 {[%emt 0:00:05]} 6. Nxe5 {[%emt 0:00:11]} Be7 {[%emt 0:00:05]} 7. Bf1 {[%emt 0:00:10]} Nxe5 {[%emt 0:00:22]} 8. Rxe5 {[%emt 0:00:06]} O-O {[%emt 0:00:11]} 9. d4 {[%emt 0:00:16]} Bf6 {[%emt 0:00:16]} 10. Re1 {[%emt 0:00:12]} Re8 {[%emt 0:00:07] C67: Ruy Lopez: Berlin Defence: 4 0-0 Nxe4.} 11. Rxe8+ {[%emt 0:11:04] Recently 11.Bf4 got a lot of attention.} Nxe8 {[%emt 0:00:16] The position is equal.} 12. c3 {[%emt 0:01:06]} d5 {[%emt 0:00:07]} 13. Nd2 {[%emt 0:02:46]} c6 {[%emt 0:04:00]} 14. Nb3 {[%emt 0:00:07]} Bf5 {[%emt 0:04:02] [#]} 15. Bf4 $146 {[%emt 0:01:00]} ({Predecessor:} 15. Qf3 Be4 16. Qg4 Be7 17. Nc5 Nf6 18. Qg3 Bd6 19. Nxb7 Bxg3 20. Nxd8 Bxf2+ 21. Kxf2 Rxd8 {1-0 Schnur,E-Seckler,S DESC P2006 email (1)}) 15... Nc7 {[%emt 0:03:03]} 16. Nc5 {[%emt 0:03:20]} Ne6 {[%emt 0:00:47]} 17. Nxe6 {[%emt 0:00:39]} Bxe6 {[%emt 0:00:07]} 18. Bd3 {[%emt 0:00:36]} Qd7 {[%emt 0:04:22]} 19. Qc2 {[%emt 0:01:06]} g6 {[%emt 0:00:07]} 20. Re1 {[%emt 0:02:42]} Re8 {[%emt 0:00:07]} 21. h3 {[%emt 0:00:08]} Qd8 {[%emt 0:00:05]} 22. Kf1 {[%emt 0:08:08]} Bc8 {[%emt 0:07:03]} 23. Rxe8+ {[%emt 0:00:16]} Qxe8 {[%emt 0:00:05]} 24. Qa4 {[%emt 0:00:32]} a6 {[%emt 0:00:25] Black is weak on the dark squares} 25. Qa5 {[%emt 0:00:07]} Qd8 {[%emt 0:14:14]} 26. Bc7 {[%emt 0:06:08]} Qe7 {[%emt 0:00:19]} 27. Qb6 {[%emt 0:09:34]} Kg7 {[%emt 0:00:29]} 28. Bf4 {[%emt 0:02:59]} Bg5 {[%emt 0:10:35]} 29. Be5+ {[%emt 0:01:35]} f6 {[%emt 0:00:17]} 30. Bg3 {[%emt 0:00:39]} h5 {[%emt 0:07:00]} 31. h4 {[%emt 0:09:04]} Bd2 {[%emt 0:02:49][%csl Gd2][%cal Re7e1] [#]} 32. f3 {[%emt 0:02:07]} Bf5 {[%emt 0:02:57]} 33. Bxf5 {[%emt 0:01:14]} gxf5 $11 {[%emt 0:00:05][%mdl 4096] Endgame KQB-KQB} 34. Qb3 {[%emt 0:02:42]} Kg6 {[%emt 0:09:06]} 35. Qc2 {[%emt 0:03:22]} Bh6 {[%emt 0:00:06]} 36. Bf2 {[%emt 0:00:17]} Bf4 {[%emt 0:02:41]} 37. a4 b5 {[%emt 0:05:24]} 38. Qd3 {[%emt 0:01:11]} Bd6 {[%emt 0:08:38]} 39. b3 {[%emt 0:00:23]} Qe6 {[%emt 0:00:09]} 40. Be1 {[%emt 0:06:46]} Bf4 {[%emt 0:00:46]} 41. Bf2 {[%emt 0:01:40]} Bd6 {[%emt 0:00:35]} 42. Qc2 {[%emt 0:01:37]} Bb8 43. Qd2 {[%emt 0:09:46]} Bd6 {[%emt 0:00:37]} 44. Be1 {[%emt 0:00:12]} Bb8 {[%emt 0:01:34]} 45. Qc1 {[%emt 0:02:23]} Bd6 {[%emt 0:06:53]} 46. Kf2 {[%emt 0:01:25]} (46. axb5 {simplifies} axb5 47. Qc2 Kg7 48. Qe2) 46... Bc7 {[%emt 0:00:05]} 47. Qd1 {[%emt 0:05:54]} Bf4 {[%emt 0:05:22]} 48. Bd2 {[%emt 0:02:01]} Qd6 {[%emt 0:00:08]} 49. Bxf4 {[%emt 0:00:04]} Qxf4 {[%emt 0:00:05] KQ-KQ} 50. g3 {[%emt 0:00:03]} Qb8 {[%emt 0:00:57]} 51. a5 {[%emt 0:08:56]} b4 {[%emt 0:25:58]} 52. Qd2 {[%emt 0:05:54]} bxc3 {[%emt 0:00:04]} 53. Qxc3 {[%emt 0:00:02]} Qb5 {[%emt 0:00:40]} 54. Ke1 {[%emt 0:02:57]} Qb8 {[%emt 0:07:01]} 55. Kf2 {[%emt 0:00:05]} Qb5 {[%emt 0:00:05]} 56. b4 {[%emt 0:05:29]} Kg7 {[%emt 0:00:02]} 57. Ke3 {[%emt 0:00:45]} Kg6 {[%emt 0:00:24]} 58. Kd2 {[%emt 0:06:54]} Qf1 {[%emt 0:00:50]} 59. Qxc6 {[%emt 0:01:48]} Qf2+ {[%emt 0:00:02]} 60. Kc1 {[%emt 0:00:23]} Qxd4 {[%emt 0:00:30]} 61. b5 {[%emt 0:02:24]} Qe3+ {[%emt 0:02:01]} 62. Kb2 {[%emt 0:00:40]} Qd2+ {[%emt 0:00:23]} 63. Kb3 {[%emt 0:01:49]} Qd3+ {[%emt 0:00:03]} 64. Kb4 {[%emt 0:00:49]} Qd4+ {[%emt 0:00:03]} 65. Kb3 {[%emt 0:00:04]} Qd3+ {[%emt 0:00:03]} 66. Kb4 {[%emt 0:00:02]} Qd4+ {[%emt 0:00:03] An even fight not without its subleties.   Weighted Error Value: White=0.02 (flawless) /Black=0.01 (flawless)} 1/2-1/2

[Event "Chinese League Div-A Final-KO 2023"]
[Site "Xiongan"]
[Date "2023.12.10"]
[Round "8.4"]
[White "Zhao, Xue"]
[Black "Song, Yuxin"]
[Result "1/2-1/2"]
[WhiteElo "2450"]
[BlackElo "2397"]
[Annotator "RC"]
[PlyCount "64"]
[EventDate "2023.12.02"]
[EventCountry "CHN"]
[SourceTitle "playchess.com"]
[Source "ChessBase"]
[SourceQuality "1"]

1. Nf3 {[%emt 0:00:10]} Nf6 {[%emt 0:00:08]} 2. c4 {[%emt 0:01:03]} e6 {[%emt 0:00:05]} 3. b3 {[%emt 0:01:15]} d5 {[%emt 0:00:13]} 4. Bb2 {[%emt 0:00:06]} c5 {[%emt 0:00:08]} 5. e3 {[%emt 0:00:23]} Nc6 {[%emt 0:00:07]} 6. cxd5 {[%emt 0:01:46]} exd5 {[%emt 0:00:06]} 7. Bb5 {[%emt 0:01:16]} Bd6 {[%emt 0:00:11]} 8. O-O {[%emt 0:05:11]} O-O {[%emt 0:00:08]} 9. d4 {[%emt 0:00:29]} cxd4 {[%emt 0:00:06]} 10. exd4 {[%emt 0:03:03]} Bg4 {[%emt 0:08:33]} 11. Bxc6 {[%emt 0:07:33]} bxc6 {[%emt 0:00:35]} 12. Qd3 {[%emt 0:00:19]} Bxf3 {[%emt 0:08:29]} 13. Qxf3 {[%emt 0:00:08]} Ne4 {[%emt 0:00:07]} 14. Rc1 {[%emt 0:08:29]} Qc7 {[%emt 0:05:12]} 15. h3 {[%emt 0:05:56]} Qd7 {[%emt 0:17:56]} 16. Ba3 {[%emt 0:11:33]} Bxa3 {[%emt 0:16:46]} 17. Nxa3 {[%emt 0:00:06]} Rfc8 {[%emt 0:05:42]} 18. Nc2 {[%emt 0:05:53]} c5 {[%emt 0:00:07]} 19. dxc5 {[%emt 0:05:11]} Rxc5 20. Nd4 {[%emt 0:02:53]} Rxc1+ {[%emt 0:02:45]} 21. Rxc1 {[%emt 0:02:13]} g6 {[%emt 0:01:26]} 22. Rc6 {[%emt 0:15:29]} h5 {[%emt 0:06:24]} 23. Qd3 {[%emt 0:04:26]} Rc8 {[%emt 0:03:33]} 24. Qb5 {[%emt 0:07:42]} Rxc6 {[%emt 0:00:20]} 25. Qxc6 {[%emt 0:00:04]} Qd8 {[%emt 0:00:08]} 26. f3 {[%emt 0:00:06]} Qg5 {[%emt 0:02:56]} 27. Qa8+ {[%emt 0:05:28]} Kh7 {[%emt 0:01:40]} 28. fxe4 {[%emt 0:00:12]} Qe3+ {[%emt 0:00:01]} 29. Kf1 {[%emt 0:00:16]} Qxd4 {[%emt 0:00:09]} 30. Qxd5 {[%emt 0:01:36]} Qa1+ {[%emt 0:00:04]} 31. Kf2 {[%emt 0:00:20]} Qxa2+ {[%emt 0:00:07]} 32. Kf3 {[%emt 0:01:11]} Kg7 {[%emt 0:00:21]} 1/2-1/2

[Event "Chinese League Div-A Final-KO 2023"]
[Site "Xiongan"]
[Date "2023.12.10"]
[Round "8.5"]
[White "Li, Xueyi"]
[Black "Zhai, Mo"]
[Result "0-1"]
[WhiteElo "2245"]
[BlackElo "2339"]
[Annotator "RC"]
[PlyCount "82"]
[EventDate "2023.12.02"]
[EventCountry "CHN"]
[SourceTitle "playchess.com"]
[Source "ChessBase"]
[SourceQuality "1"]

1. d4 {[%emt 0:00:09]} Nf6 {[%emt 0:00:08]} 2. Nf3 {[%emt 0:00:07]} d5 {[%emt 0:00:12]} 3. g3 {[%emt 0:01:05]} Bf5 {[%emt 0:02:57]} 4. Bg2 {[%emt 0:01:15]} e6 {[%emt 0:00:52]} 5. c4 {[%emt 0:01:34]} c6 {[%emt 0:00:17]} 6. Nc3 {[%emt 0:01:15]} h6 {[%emt 0:00:24]} 7. O-O {[%emt 0:01:15]} Be7 {[%emt 0:00:22]} 8. Qb3 {[%emt 0:03:10]} Qb6 {[%emt 0:00:43]} 9. Nd2 {[%emt 0:01:57]} O-O {[%emt 0:09:21]} 10. c5 {[%emt 0:00:23]} Qxb3 {[%emt 0:00:49]} 11. Nxb3 {[%emt 0:01:18]} b6 {[%emt 0:05:22]} 12. Bf4 {[%emt 0:19:28]} Nbd7 {[%emt 0:03:07]} 13. cxb6 {[%emt 0:04:23]} axb6 {[%emt 0:00:16]} 14. Rfc1 {[%emt 0:00:28]} g5 {[%emt 0:06:44]} 15. Bd2 {[%emt 0:03:16]} Rfc8 {[%emt 0:00:33]} 16. a4 {[%emt 0:04:03]} c5 {[%emt 0:08:10]} 17. Be1 {[%emt 0:00:48]} Bg6 {[%emt 0:05:59]} 18. Nb5 {[%emt 0:13:36]} Kg7 {[%emt 0:07:22]} 19. Bc3 {[%emt 0:04:10]} cxd4 {[%emt 0:01:57]} 20. N5xd4 {[%emt 0:18:49]} e5 {[%emt 0:04:36]} 21. Nb5 {[%emt 0:01:39]} Rc4 {[%emt 0:01:06]} 22. a5 {[%emt 0:04:41]} bxa5 {[%emt 0:00:22]} 23. Rxa5 {[%emt 0:06:43]} Rb8 {[%emt 0:02:15]} 24. Na3 {[%emt 0:03:00]} Rcc8 {[%emt 0:08:19]} 25. Bxd5 {[%emt 0:02:50]} Bxa3 {[%emt 0:03:28]} 26. bxa3 {[%emt 0:00:52]} Nxd5 {[%emt 0:00:11]} 27. Bxe5+ {[%emt 0:00:47]} Nxe5 {[%emt 0:00:22]} 28. Rxc8 {[%emt 0:00:07]} Rxc8 {[%emt 0:00:05]} 29. Rxd5 {[%emt 0:00:05]} Rc3 {[%emt 0:04:29]} 30. Rxe5 {[%emt 0:00:50]} Rxb3 {[%emt 0:00:02]} 31. Ra5 {[%emt 0:00:54]} g4 {[%emt 0:01:42]} 32. h3 {[%emt 0:00:27]} Rb1+ {[%emt 0:00:58]} 33. Kh2 {[%emt 0:00:52]} Be4 {[%emt 0:00:23]} 34. f3 {[%emt 0:00:05]} gxf3 {[%emt 0:00:15]} 35. exf3 {[%emt 0:00:05]} Rb2+ {[%emt 0:00:24]} 36. Kg1 {[%emt 0:00:11]} Bxf3 {[%emt 0:00:10]} 37. g4 {[%emt 0:00:05]} Rg2+ {[%emt 0:00:32]} 38. Kf1 {[%emt 0:00:18]} Rg3 {[%emt 0:01:02]} 39. Rh5 {[%emt 0:00:24]} Be4 {[%emt 0:00:36]} 40. a4 {[%emt 0:01:12]} Bg6 {[%emt 0:00:10]} 41. Kf2 {[%emt 0:01:24]} Ra3 {[%emt 0:00:26]} 0-1

[Event "Chinese League Div-A Final-KO 2023"]
[Site "Xiongan"]
[Date "2023.12.10"]
[Round "8.6"]
[White "Liu, Yan"]
[Black "Wang, Shixu B"]
[Result "1-0"]
[WhiteElo "2579"]
[BlackElo "2409"]
[Annotator "RC"]
[PlyCount "117"]
[EventDate "2023.12.02"]
[EventCountry "CHN"]
[SourceTitle "playchess.com"]
[Source "ChessBase"]
[SourceQuality "1"]

1. c4 {[%emt 0:00:07]} e6 {[%emt 0:00:36]} 2. g3 {[%emt 0:00:52]} d5 {[%emt 0:00:13]} 3. Bg2 {[%emt 0:00:07]} Nf6 {[%emt 0:01:05]} 4. Nf3 {[%emt 0:00:13]} d4 {[%emt 0:00:59]} 5. d3 {[%emt 0:03:19]} Bb4+ {[%emt 0:01:50]} 6. Bd2 {[%emt 0:00:26]} a5 {[%emt 0:00:57]} 7. O-O {[%emt 0:00:12]} O-O {[%emt 0:00:44]} 8. e4 {[%emt 0:00:12]} Bxd2 {[%emt 0:06:30]} 9. Nbxd2 {[%emt 0:01:06]} Nc6 {[%emt 0:00:06]} 10. e5 {[%emt 0:00:08]} Nd7 {[%emt 0:00:04]} 11. Qe2 {[%emt 0:00:38]} a4 {[%emt 0:00:14]} 12. Rfb1 {[%emt 0:26:48]} Qe7 {[%emt 0:08:22]} 13. b4 {[%emt 0:00:25]} Nxb4 {[%emt 0:00:08]} 14. Nxd4 {[%emt 0:00:06]} a3 {[%emt 0:08:12]} 15. N2f3 {[%emt 0:04:57]} c6 {[%emt 0:07:53]} 16. Nc2 {[%emt 0:05:05]} Nxc2 {[%emt 0:00:06]} 17. Qxc2 {[%emt 0:00:04]} c5 {[%emt 0:10:36]} 18. Rb3 {[%emt 0:09:51]} Qd8 {[%emt 0:00:11]} 19. Re1 {[%emt 0:02:19]} Qc7 {[%emt 0:09:36]} 20. Qc1 {[%emt 0:09:26]} Rd8 {[%emt 0:03:13]} 21. h4 {[%emt 0:03:21]} h6 {[%emt 0:00:35]} 22. h5 {[%emt 0:02:05]} b6 {[%emt 0:14:26]} 23. Nd4 {[%emt 0:01:20]} Bb7 {[%emt 0:00:56]} 24. Nb5 {[%emt 0:00:07]} Qb8 {[%emt 0:00:02]} 25. Qf4 {[%emt 0:07:31]} Bxg2 {[%emt 0:00:05]} 26. Kxg2 {[%emt 0:00:05]} f6 {[%emt 0:00:43]} 27. exf6 {[%emt 0:01:28]} Qxf4 {[%emt 0:00:32]} 28. gxf4 {[%emt 0:00:06]} Nxf6 {[%emt 0:00:04]} 29. Nc7 {[%emt 0:03:59]} Ra7 {[%emt 0:03:38]} 30. Nxe6 {[%emt 0:00:08]} Rd6 {[%emt 0:00:02]} 31. f5 {[%emt 0:07:57]} Nxh5 {[%emt 0:02:13]} 32. Reb1 {[%emt 0:00:28]} Kf7 {[%emt 0:01:54]} 33. Kf1 {[%emt 0:01:54]} Re7 {[%emt 0:05:20]} 34. Rxb6 {[%emt 0:03:42]} Rxd3 {[%emt 0:00:04]} 35. Ra6 {[%emt 0:01:31]} Red7 {[%emt 0:04:47]} 36. Nxc5 {[%emt 0:02:09]} Rd1+ {[%emt 0:01:14]} 37. Kg2 {[%emt 0:00:54]} Rxb1 {[%emt 0:07:45]} 38. Nxd7 {[%emt 0:00:03]} Rc1 {[%emt 0:00:24]} 39. Rxa3 {[%emt 0:01:53]} Ke7 {[%emt 0:00:10]} 40. Ra7 {[%emt 0:01:29]} Kd6 {[%emt 0:02:21]} 41. c5+ {[%emt 0:00:38]} Kd5 {[%emt 0:00:32]} 42. Kf3 {[%emt 0:07:51]} Rc3+ {[%emt 0:01:41]} 43. Kg4 {[%emt 0:00:21]} Nf6+ {[%emt 0:01:01]} 44. Nxf6+ {[%emt 0:00:09]} gxf6 {[%emt 0:00:09]} 45. Rd7+ {[%emt 0:05:15]} Ke5 {[%emt 0:02:05]} 46. Re7+ {[%emt 0:00:31]} Kd5 {[%emt 0:00:05]} 47. Kh5 {[%emt 0:02:11]} Rf3 {[%emt 0:00:21]} 48. Kg6 {[%emt 0:00:08]} Rxf2 {[%emt 0:00:56]} 49. Kxf6 {[%emt 0:00:09]} Kxc5 {[%emt 0:00:21]} 50. Kg6 {[%emt 0:01:13]} Kd6 {[%emt 0:01:00]} 51. Re3 {[%emt 0:00:36]} h5 {[%emt 0:01:15]} 52. f6 {[%emt 0:05:45]} h4 {[%emt 0:00:08]} 53. f7 {[%emt 0:01:27]} Rg2+ {[%emt 0:00:15]} 54. Kh7 {[%emt 0:00:04]} Rf2 {[%emt 0:00:05]} 55. Kg8 {[%emt 0:00:04]} Rg2+ {[%emt 0:00:02]} 56. Kf8 {[%emt 0:00:12]} Kd7 {[%emt 0:01:08]} 57. Rd3+ {[%emt 0:00:42]} Kc7 {[%emt 0:00:27]} 58. Rh3 {[%emt 0:02:25]} Rxa2 {[%emt 0:03:38]} 59. Rxh4 {[%emt 0:01:02]} 1-0

[Event "Chinese League Div-A Final-KO 2023"]
[Site "Xiongan"]
[Date "2023.12.10"]
[Round "8.7"]
[White "Wang, Yue"]
[Black "Bu, Xiangzhi"]
[Result "1/2-1/2"]
[WhiteElo "2659"]
[BlackElo "2677"]
[Annotator "TA"]
[PlyCount "75"]
[EventDate "2023.12.02"]
[EventCountry "CHN"]
[SourceTitle "playchess.com"]
[Source "ChessBase"]
[SourceQuality "1"]

{[%evp 27,75,57,35,30,48,17,18,32,25,20,27,24,26,19,26,19,16,34,30,32,35,29,31,30,34,0,0,0,8,0,7,0,0,0,0,0,5,5,5,0,0,0,0,0,0,0,0,0,0,0]} 1. e4 {[%emt 0:00:03] ChessBase} c5 {[%emt 0:00:28]} 2. Nf3 {[%emt 0:00:05]} d6 {[%emt 0:00:04]} 3. d4 {[%emt 0:00:05]} cxd4 {[%emt 0:00:03]} 4. Nxd4 {[%emt 0:00:05]} Nf6 {[%emt 0:00:04]} 5. Nc3 {[%emt 0:00:06]} a6 {[%emt 0:00:25]} 6. Be3 {[%emt 0:00:05]} e5 {[%emt 0:00:39]} 7. Nb3 {[%emt 0:00:07]} Be6 {[%emt 0:02:41]} 8. f3 {[%emt 0:00:05]} Be7 {[%emt 0:00:47]} 9. Qd2 {[%emt 0:00:13]} O-O {[%emt 0:00:24]} 10. O-O-O {[%emt 0:00:10]} Nbd7 {[%emt 0:04:16]} 11. g4 {[%emt 0:00:09][%cal Bg2g4,Bg4g5][%mdl 32]} b5 {[%emt 0:00:03]} 12. g5 {[%emt 0:00:27]} b4 {[%emt 0:00:04]} 13. Ne2 {[%emt 0:08:16]} Ne8 {[%emt 0:00:07]} 14. f4 {[%emt 0:00:10]} a5 {[%emt 0:00:02]} 15. f5 {[%emt 0:00:41] B90: Sicilian Najdorf: Unusual White 6th moves, 6 Be3 Ng4 and 6 Be3 e5.} a4 {[%emt 0:00:10]} 16. fxe6 $1 {[%emt 0:15:14][%mdl 4] is recently more successful than 16.Nbd4.} (16. Nbd4 $5 {[%cal Rd4c6]} exd4 17. Nxd4 $11) 16... axb3 {[%emt 0:00:12]} 17. cxb3 {[%emt 0:01:08]} (17. exd7 $2 {perishes.} bxa2 18. Qd5 a1=Q+ $19) 17... fxe6 {[%emt 0:00:05]} 18. Bh3 {[%emt 0:00:09][%cal Bf1h3,Bh3e6,Be6c4][%mdl 32]} Rxa2 {[%emt 0:06:38]} 19. Bxe6+ {[%emt 0:00:06]} (19. Qxb4 Nc7 20. Kb1 Qa8 $11) 19... Kh8 {[%emt 0:00:02] Black is weak on the light squares} 20. Ng3 {[%emt 0:00:20] Active counter play!} ({Of course not} 20. Qxb4 Rf3 21. Nc3 Ra8 $15) 20... Nc7 {[%emt 0:04:43]} 21. Bc4 {[%emt 0:00:10]} Qa8 $1 {[%emt 0:01:07]} 22. Rhf1 {[%emt 0:00:46]} Rxf1 {[%emt 0:01:30]} 23. Rxf1 {[%emt 0:00:06] [#] Hoping for Rf7.} Ra1+ {[%emt 0:00:28]} 24. Kc2 {[%emt 0:00:05]} Rxf1 {[%emt 0:00:06]} 25. Bxf1 {[%emt 0:00:06] This pair of bishops is nice.} d5 {[%emt 0:00:26] [#]} 26. Qd3 $146 {[%emt 0:23:38]} ({Predecessor:} 26. Qf2 g6 27. h4 Qf8 28. Qxf8+ Nxf8 29. Ba7 dxe4 30. Bb8 Nfe6 31. Nxe4 h6 32. Bc4 hxg5 33. hxg5 {½-½ Radjabov,T (2726)-Vachier Lagrave,M (2757) Tashkent FIDE GP 2014 (3)}) 26... Nc5 {[%emt 0:16:59] The position is equal.} 27. Bxc5 {[%emt 0:06:44]} Qc6 {[%emt 0:01:00]} 28. exd5 {[%emt 0:05:13]} Qxc5+ {[%emt 0:00:04]} 29. Qc4 {[%emt 0:03:57] aiming for Qxc5.} Nxd5 {[%emt 0:00:16] [#] White must now prevent ...Ne3+.} 30. Qxc5 {[%emt 0:02:39]} Bxc5 $11 {[%emt 0:00:31][%mdl 4096] Endgame KBN-KBN} 31. Kd3 {[%emt 0:00:23] Kc4 would be deadly.} Bg1 {[%emt 0:02:04]} 32. h3 {[%emt 0:10:03]} Bf2 {[%emt 0:00:31]} 33. Ne4 {[%emt 0:06:31]} Bd4 {[%emt 0:01:31]} 34. Nd6 {[%emt 0:02:14]} Bxb2 {[%emt 0:03:21]} 35. Ke4 {[%emt 0:00:26]} Nc3+ {[%emt 0:00:05]} 36. Kxe5 {[%emt 0:00:25]} Nb5+ {[%emt 0:00:04]} 37. Kd5 {[%emt 0:00:12]} Nxd6 {[%emt 0:00:05]} 38. Kxd6 {[%emt 0:00:02] Weighted Error Value: White=0.06 (flawless) /Black=0.01 (flawless)} 1/2-1/2